Teatro infantil /

Guardado en:
Autor Principal: Storni, Alfonsina
Formato: Libro
Publicado: Buenos Aires : Ramon J. Roggero, 1950
Etiquetas: Agregar Etiqueta
Sin Etiquetas, Sea el primero en etiquetar este registro!
LEADER 00424nam a22001455a 4500
001 EHU.bham024256
003 AR-BHAM
005 20130507141339.0
008 130507s1950##################000#0#####d
082 A 8 |a 862.4 
100 1 |a Storni, Alfonsina 
245 1 0 |a Teatro infantil /  |c Alfonsina Storni 
260 |a Buenos Aires :  |b Ramon J. Roggero,  |c 1950 
300 |a 162 p. 
859 |a AR-BHAM  |b BIB. HUMANIDADES - General  |h A862.4  |i ST74  |k A  |p 26.02  |t Ej.1